1984 1236 1241 1062 1397 1978 1717 1781 1092 1457 1909 1536 1120 1954 1814 1051 1072 1729 1322 1818 1171 1237 1579 1521 1984 1808 1788 1339 1370 1418 1313 1980 1758 1700 1499 1800 1313 1559 1054 1564 1057 1931 1716 1753 1563 1269 1641 1261 1958 1479 1478 1127 1316 1683 1767 1410 1618 1670 1611 1420 1594 1050 1939 1635 1273 1353 1393 1542 1166 1080 1471 1758 1831 1423 1851 1616 1533 1680 1979 1369 1428 1002 1201 1529 1769 1301 1099 1329 1487 1372 1596 1782 1655 1601 1776 1886 1692 1024 1432 BCNSPRNW ULIB Ver.6.0+V

เปลี่ยนเป็นภาษาไทย

Change to English
 แสดงรายละเอียดบรรณานุกรม
  กลับหน้าหลัก

Brief Record : Get Marc (ISO 2709) : E-mail record : QR code < ปิดหน้าต่าง
LEADER : 00000nam 2200000uu 4500
001    13399115198
003     ULIB
008    120726s2007||||th 000 0 eng d
020    ^a9789812725967
060 04 ^aQS17^bH249 2007
100 1  ^aHansen, John T.
245 00 ^aNetter is anatomy :^bwith student consult
260    ^aPhiladelphia :^bSaunders,^c2007
300    ^a1 v. (various pagings) :^bill. ;^c28 cm.
650  0 ^aHuman anatomy^vAtlases
650  2 ^aAnatomy, Regional^vAtlases
650  2 ^aAnatomy^vAtlases
700 1  ^aNetter, Frank H. ^q(Frank Henry),^d1906-1991
945    ^p0^l0^i17773
945    ^p0^l0^i17774
945    ^p0^l0^i17775
995    ^aKanchaphon
999    ^aใช้งานได้ทุกระบบ
รายการนี้ยังไม่มีแท็ก
คุณยังไม่ได้ล็อกอิน คุณสามารถมีกิจกรรมร่วมกับเว็บไซต์ได้ แต่ต้องล็อกอินก่อน ::
  ล็อกอิน

รายการสื่อสารสนเทศ

ลำดับที่ ประเภท เลขเรียก/บาร์โค้ด สถานที่ สถานะ
- ไม่พบข้อมูล -

รายการใกล้เคียง
    ผู้แต่ง [Hansen, John T.]

    หัวเรื่อง [Anatomy Atlases]

BibComment


ยังไม่เคยถูกคอมเมนท์

คอมเมนท์ทรัพยากรรายการนี้
  คอมเมนท์: Netter is anatom..


 Copyright 2026. Bcnsprnw @Library